000 01192cab a2200361 4500
001 ABS47484
008 090401t1992 xxu||||| |||| 00| 0 eng d
035 _a(Sirsi) u62194
041 _aeng
100 _aBernstein, R.
245 _aUK lease structures in the melting pot
260 _c1992
350 _a0
490 _aEstates Gazette
_v(9245) 14 November 1992, 108-113(4)
520 _aAn abridged version of the Hamptons Lecture presented by the authors on the reform of UK commercial leasehold law comparing current UK practice with other European countries.
650 _aMANAGEMENT-DISPUTE AVOIDANCE, MANAGEMENT AND RESOLUTION-DISPUTE MANAGEMENT AND RESOLUTION-ARBITRATION
650 _aHAMPTONS LECTURE
650 _aINDEXATION
650 _aLEASE REFORM
650 _aLEASE STRUCTURE
650 _aLEASEHOLD REFORM
650 _aLEASES
650 _aLENGTH OF LEASE
650 _aOPEN MARKET RENTS
650 _aPENDULUM ARBITRATION
650 _aPRIVITY OF CONTRACT
650 _aRENT REVIEWS
650 _aUPWARD ONLY RENT REVIEWS
690 _aLANDLORD AND TENANT-LEASEHOLD REFORM
700 _aLewis, C.
942 _n0
948 _c04/03/1997
999 _c38641
_d38641